000
00352 a2200169 4500
001
174918
020
_a
85-08-02407-X
040
_c
Magnum
100
_a
França, Mary
240
1
0
_a
As pintas do preá
_l
por
245
1
0
_a
As pintas do preá
300
_a
16
362
0
_a
1995
440
1
_a
Ática
697
_a
LITERATURA INFANTIL
942
_c
BK
999
_c
174918
_d
174918